Central Library OPAC University of Rajshahi

The development of international law by the International Court / (Record no. 3753)

MARC details
000 -LEADER
fixed length control field 00960nam a2200265 a 4500
001 - CONTROL NUMBER
control field 3753
003 - CONTROL NUMBER IDENTIFIER
rucl marc code BD-RjUL
005 - DATE AND TIME OF LATEST TRANSACTION
control field 20211208233759.0
008 - FIXED-LENGTH DATA ELEMENTS--GENERAL INFORMATION
fixed length control field 131221s1958 enk 001 0 eng
035 ## - SYSTEM CONTROL NUMBER
System control number (BD-RjUL)3787
040 ## - CATALOGING SOURCE
Original cataloging agency DLC
Transcribing agency DLC
Modifying agency m.c
-- BD-RjUL
Language of cataloging eng
041 ## - LANGUAGE CODE
Language code of text/sound track or separate title eng
082 ## - DEWEY DECIMAL CLASSIFICATION NUMBER
Edition number 23
Classification number 341.0935
Author mark and year LAD 1958
100 1# - MAIN ENTRY--PERSONAL NAME
Personal name Lauterpacht, Hersch,
Dates associated with a name 1897-1960.
9 (RLIN) 11914
245 14 - TITLE STATEMENT
Title The development of international law by the International Court /
Statement of responsibility, etc. by Sir Hersch Lauterpacht.
260 ## - PUBLICATION, DISTRIBUTION, ETC. (IMPRINT)
Place of publication, distribution, etc. London :
Name of publisher, distributor, etc. Stevens,
Date of publication, distribution, etc. 1958.
300 ## - PHYSICAL DESCRIPTION
Pagination xix, 408 p. ;
Size 25 cm.
500 ## - GENERAL NOTE
General note "Being a revised edition of "The Development of International Law by the Permanent Court of International Justice" (1934) ."
504 ## - BIBLIOGRAPHY, ETC. NOTE
Bibliography, etc Includes index.
610 10 - SUBJECT ADDED ENTRY--CORPORATE NAME
Corporate name or jurisdiction name as entry element Hague.
Subordinate unit Permanent court of international justice.
Corporate name or jurisdiction name as entry element International Court of Justice.
650 #0 - SUBJECT ADDED ENTRY--TOPICAL TERM
Topical term or geographic name as entry element International law
General subdivision History.
9 (RLIN) 11917
942 ## - ADDED ENTRY ELEMENTS (KOHA)
Source of classification or shelving scheme Dewey Decimal Classification
Koha item type Books
Holdings
Lost status Source of classification or shelving scheme Damaged status Not for loan Collection code Permanent Location Current Location Shelving location Date acquired Source of acquisition Cost, normal purchase price Total Checkouts Full call number Date last seen Copy number Koha item type
  Dewey Decimal Classification     Non-fiction Central Library, University of Rajshahi Central Library, University of Rajshahi   23/09/1968 Zeitlinger 77.60   341.0935 LAD 1958 21/12/2013 C-2 Books
  Dewey Decimal Classification     Non-fiction Central Library, University of Rajshahi Central Library, University of Rajshahi   03/01/1986 Zeitlinger 78.00   341.0935 LAD 1958 25/07/2016 C-3 Books
  Dewey Decimal Classification     Non-fiction Central Library, University of Rajshahi Central Library, University of Rajshahi   03/01/1986 Zeitlinger 78.00   341.0935 LAD 1958 25/07/2016 C-4 Books